000 00918nam a2200265 i 4500
001 47600
003 ES-MaACL
005 20250920063039.0
007 t|
008 030507m19521953sp c |||| |bspa d
080 _a929 Insúa, Alberto
100 1 _aInsúa, Alberto,
_d1885-1963
_965346
245 1 0 _aMemorias /
_cAlberto Insúa [seud.].
250 _a1ª ed.
260 _aMadrid :
_bTesoro,
_c1952-1953 (
_fJulio San Martín)
300 _a2 v. :
_bretr. autor ;
_c21 cm.
490 1 _aLa ventana de papel
500 _aÍndices.
505 8 _aContiene: 1. Mi tiempo y yo (en p. 467-474: El Ateneo, gran capítulo de mi historia) - 2. Horas felices, tiempos crueles
600 1 4 _aInsúa, Alberto,
_d1885-1963
_965346
610 2 4 _aAteneo de Madrid-
_vHistoria-
_vRelatos personales
_91926
830 1 _aLa ventana de papel
_9183796
852 _aES-MaACL
_jG-1002-03
999 _c47600
_d47600